000 00347 a2200145 4500
001 92784
020 _a978-1-4899-9464-6
082 _a006.312/BAN
090 _c44549
_d44550
100 _aRafael E. Banchs
245 _aText Mining with MATLAB
260 _aNew york
_bSpringer
_c2013
300 _axi, 355p.
500 _aMS Reference Book
942 _aCAE NUST
_k006.312/BAN
999 _c327857
_d327857